Working with English idioms
Αποθηκεύτηκε σε:
| Κύριος συγγραφέας: | |
|---|---|
| Μορφή: | Βιβλίο |
| Γλώσσα: | English |
| Δημοσίευση: |
London :
Nelson,
1983
|
| Θέματα: | |
| Ετικέτες: |
Προσθήκη ετικέτας
Δεν υπάρχουν, Καταχωρήστε ετικέτα πρώτοι!
|
MARC
| LEADER | 00000cam a2200000 i 4500 | ||
|---|---|---|---|
| 001 | 1/81706 | ||
| 008 | 960613s1983 eng d | ||
| 020 | |a 0-17-555418-8 | ||
| 035 | |a 1989 |b 1 |c Αγορά/Πολεμικού |l 10033758 | ||
| 040 | |a GR-MY-UA |b gre |e aacr | ||
| 041 | 0 | |a eng | |
| 082 | 0 | |a 428.24 | |
| 100 | 1 | |a Peaty, David. | |
| 245 | 1 | 0 | |a Working with English idioms / |c David Peaty |
| 260 | |a London : |b Nelson, |c 1983 | ||
| 300 | |a 110 p. | ||
| 500 | |a Includes index | ||
| 650 | 0 | 0 | |a English language |v Textbooks for foreign speakers. |
| 650 | 0 | 0 | |a English language |x Idioms. |
| 852 | |a INST |b CHIOS |e 19960712 |h 423.1 PEA |p 005200002107 |q 005200002107 |t BK |y 0 | ||
| 852 | |a INST |b RHODES |e 19960613 |h 428.24 PEA |p 005400003846 |q 005400003846 |t BK |y 0 | ||
| 909 | |a Ρ |b 013748 |c 1989 | ||
| 909 | |a Χ |b 022874 | ||